Reality TV Judges Quiz Stats

 Plays Quiz not verified by Sporcle

Challenge
Share
Tweet
Embed
Score 0/37 Timer 06:00
0 Plays Today
Program Judge % Correct
American IdolSimon Cowell
82.1%
American IdolPaula Abdul
74.7%
American IdolRandy Jackson
70.5%
Project RunwayHeidi Klum
68.4%
American IdolJennifer Lopez
66.3%
America's Next Top ModelTyra Banks
64.2%
American IdolSteven Tyler
54.7%
American IdolEllen Degeneres
50.5%
America's Got TalentSharon Osbourne
48.4%
Dancing with the StarsLen Goodman
48.4%
Dancing with the StarsCarrie Ann Inaba
46.3%
America's Got TalentPiers Morgan
45.3%
America's Got TalentDavid Hasselhoff
40%
America's Got TalentHowie Mandel
37.9%
Project RunwayMichael Kors
35.8%
American IdolKara Dioguardi
34.7%
America's Next Top ModelTwiggy
34.7%
Dancing with the StarsBruno Tonioli
34.7%
Project RunwayNina Garcia
32.6%
Program Judge % Correct
America's Next Top ModelNigel Barker
31.6%
America's Next Top ModelMiss J
29.5%
Top ChefPadma Lakshmi
25.3%
America's Got TalentBrandy Norwood
24.2%
So You Think You Can DanceMary Murphy
24.2%
America's Next Top ModelJanice Dickinson
22.1%
So You Think You Can DanceNigel Lythgoe
21.1%
Top ChefGail Simmons
20%
Top ChefTom Colicchio
18.9%
America's Next Top ModelKimora Lee Simmons
16.8%
America's Next Top ModelPaulina Porizkova
13.7%
So You Think You Can DanceAdam Shankman
13.7%
So You Think You Can DanceMia Michaels
13.7%
America's Next Top ModelAndré Leon Talley
10.5%
Top ChefKatie Lee
8.4%
America's Next Top ModelNolé Marin
6.3%
America's Next Top ModelEric Nicholson
5.3%
America's Next Top ModelBeau Quillian
4.2%

You're not logged in!

Compare scores with friends on all Sporcle quizzes.
OR
Log In

You Might Also Like...

Show Comments

Extras

Top Quizzes Today


Score Distribution

Your Account Isn't Verified!

In order to create a playlist on Sporcle, you need to verify the email address you used during registration. Go to your Sporcle Settings to finish the process.

Report this User

Report this user for behavior that violates our Community Guidelines.

Details: